Normal view
MARC view
- Islam, Fakhrul
Entry Personal Name
001 - CONTROL NUMBER
- control field: 2427
003 - CONTROL NUMBER IDENTIFIER
- control field: OSt
005 - DATE AND TIME OF LATEST TRANSACTION
- control field: 20191026121525.0
008 - FIXED-LENGTH DATA ELEMENTS
- fixed length control field: 191026|| aca||aabn | a|a d
040 ## - CATALOGING SOURCE
- Original cataloging agency: OSt
100 ## - HEADING--PERSONAL NAME
- Personal name: Islam, Fakhrul
